Pore Structure in Food Simulation, Measurement and Applications /

The pore structure of foods directly affects the success of such food processes as drying, puffing, freeze-drying, and rehydration. Consequently, the pore structure of foods determines what types of food processes will work best with a particular food. This Brief will first discuss in depth the need...

Πλήρης περιγραφή

Λεπτομέρειες βιβλιογραφικής εγγραφής
Κύριοι συγγραφείς: Gueven, Alper (Συγγραφέας), Hicsasmaz, Zeynep (Συγγραφέας)
Συγγραφή απο Οργανισμό/Αρχή: SpringerLink (Online service)
Μορφή: Ηλεκτρονική πηγή Ηλ. βιβλίο
Γλώσσα:English
Έκδοση: New York, NY : Springer New York : Imprint: Springer, 2013.
Σειρά:SpringerBriefs in Food, Health, and Nutrition
Θέματα:
Διαθέσιμο Online:Full Text via HEAL-Link
LEADER 02522nam a22005055i 4500
001 978-1-4614-7354-1
003 DE-He213
005 20151109191207.0
007 cr nn 008mamaa
008 130628s2013 xxu| s |||| 0|eng d
020 |a 9781461473541  |9 978-1-4614-7354-1 
024 7 |a 10.1007/978-1-4614-7354-1  |2 doi 
040 |d GrThAP 
050 4 |a TP248.65.F66 
072 7 |a TDCT  |2 bicssc 
072 7 |a TEC012000  |2 bisacsh 
082 0 4 |a 641.3  |2 23 
082 0 4 |a 664  |2 23 
100 1 |a Gueven, Alper.  |e author. 
245 1 0 |a Pore Structure in Food  |h [electronic resource] :  |b Simulation, Measurement and Applications /  |c by Alper Gueven, Zeynep Hicsasmaz. 
264 1 |a New York, NY :  |b Springer New York :  |b Imprint: Springer,  |c 2013. 
300 |a VIII, 50 p. 8 illus.  |b online resource. 
336 |a text  |b txt  |2 rdacontent 
337 |a computer  |b c  |2 rdamedia 
338 |a online resource  |b cr  |2 rdacarrier 
347 |a text file  |b PDF  |2 rda 
490 1 |a SpringerBriefs in Food, Health, and Nutrition 
505 0 |a Introduction -- Quantitative Measurement of the Pore Structure -- Pore Structure and Texture -- Simulation of the Pore Structure of Food Materials -- Applications of the Pore Network Model to Food Systems -- Conclusions -- References.                         . 
520 |a The pore structure of foods directly affects the success of such food processes as drying, puffing, freeze-drying, and rehydration. Consequently, the pore structure of foods determines what types of food processes will work best with a particular food. This Brief will first discuss in depth the need to correctly measure the pore structure of foods and then will identify and describe in detail the current methods available to measure food porosity. Finally, it will review the applications of these various methods.  . 
650 0 |a Chemistry. 
650 0 |a Biotechnology. 
650 0 |a Food  |x Biotechnology. 
650 0 |a Mathematical models. 
650 1 4 |a Chemistry. 
650 2 4 |a Food Science. 
650 2 4 |a Biotechnology. 
650 2 4 |a Mathematical Modeling and Industrial Mathematics. 
700 1 |a Hicsasmaz, Zeynep.  |e author. 
710 2 |a SpringerLink (Online service) 
773 0 |t Springer eBooks 
776 0 8 |i Printed edition:  |z 9781461473534 
830 0 |a SpringerBriefs in Food, Health, and Nutrition 
856 4 0 |u http://dx.doi.org/10.1007/978-1-4614-7354-1  |z Full Text via HEAL-Link 
912 |a ZDB-2-CMS 
950 |a Chemistry and Materials Science (Springer-11644)